Wird geladen...
Baratha Vijnanakosam: Pusthakam - 1 : Prakrithiyum Vibavangalum /
| 1. Verfasser: | |
|---|---|
| Format: | Printed Book |
| Sprache: | Malayalam |
| Veröffentlicht: |
Kottayam:
D.C. Books,
1975.
|
| LEADER | 00534nam a2200133Ia 4500 | ||
|---|---|---|---|
| 008 | 111204s1975 ii 000 0 mal d | ||
| 082 | |a 333 BHA / B | ||
| 100 | |a Bhaskara Panicker,P.T. | ||
| 245 | |a Baratha Vijnanakosam: Pusthakam - 1 : Prakrithiyum Vibavangalum / |c Bhaskara Panicker,P.T. | ||
| 260 | |b D.C. Books, |a Kottayam: |c 1975. | ||
| 300 | |a 154pages. | ||
| 942 | |c BK | ||
| 999 | |c 207176 |d 207176 | ||
| 952 | |0 0 |1 0 |2 ddc |4 0 |6 333_000000000000000_BHA_B |7 0 |9 229136 |a MAL |b MAL |c ST1 |d 2011-12-05 |g 5.00 |l 0 |o 333 BHA/B |p MAL14335 |r 2011-12-05 |v 5.00 |w 2011-12-05 |y BK | ||